Normal view
MARC view
Entry Personal Name
001 - CONTROL NUMBER
- control field: 241249
003 - CONTROL NUMBER IDENTIFIER
- control field: OSt
005 - DATE AND TIME OF LATEST TRANSACTION
- control field: 20251003103657.0
008 - FIXED-LENGTH DATA ELEMENTS
- fixed length control field: 251003|| aca||aabn | a|a d
040 ## - CATALOGING SOURCE
- Original cataloging agency: OSt
- Transcribing agency: OSt
100 ## - HEADING--PERSONAL NAME
- Personal name: ARTHIKAJE (V B).
- Dates associated with a name: ವಿ.ಬಿ. ಅರ್ತಿಕಜೆ
670 ## - SOURCE DATA FOUND
- Source citation: Work cat.: (OSt)107180: ARTHIKAJE (V B). ವಿ.ಬಿ. ಅರ್ತಿಕಜೆ , Higondu vrattanta., 2003